Statistics for Sally Bollywood

Click here to take the quiz!

General Stats

  • This quiz has been taken 8 times
  • The average score is 24 of 84

Answer Stats

HintAnswer% Correct
Leader of the S.B.I.Sally Bollywood
100%
School bully; loves to play pranks. Purple hair and wears a cap to the side.Bob
67%
Partner in crime who lives next to S.B.I. Australian.Doowee Mcadams
67%
Private Investigator.Harry Bollywood
67%
Scientist; invents in his spare time.Albert Hoffmann
50%
She was framed for cheating in a math competition; has an alias that starts with A and orange hair.Donna Gabriel (Angela)
50%
She wears large sun-shaped earrings and a gold hair piece. Her long hair is worn in a ponytail with a large bun on top. Indian.Kareena Khan
50%
She is a princess. She had kissed S.B.I partner whilst wearing a blonde wig.Kathy (Kate)
50%
She is obsessed with magic and supernatural things like ghosts; To win a role in the musical and make others believe in magic, she turned a student's hair green and handed out lucky charms. Pink bangs.Luna
50%
Son of the principal and tried to hide his skateboarding talent from his father. German.Martin Shoebridge
50%
Maid.Mrs. Apu
50%
Talented skateboarder; won a beauty contest.Ahmed Abdennour
33%
Interest in law and justice; faked being a lawyer.Angus
33%
Blackmailied her brother to make sure he kept doing his school work after feeling abandoned by him. Scottish.Betty
33%
Talented sports girl; hacked into the school computers to modify grades. Has acne and wears wrist warmers.Bridget Brickhouse
33%
Pink hair; hasn't committed any crimes; claimed to have a rare species of cat.Cassie
33%
Attends beauty contests with her friends; Pink high ponytail; Capable of fixing or ruining electronic devices. Manipulates others.Christina
33%
She has a nut allergy; German; wears a jumpsuit.Cindy
33%
President of the Good Manners Club and Jeanne Bambini Fan Club. English.Cristelle
33%
A passionate player of a fantasy card game; disguised as Red Baton. His mom is the school librarian.Dennis Nesbit
33%
Sabotaged everyone else in order to win the Talent Competition. Has blue hair and is a Magician. Indian.Devindra
33%
Artist who contacts S.B.I about her missing portraits; wears black glasses but not as a prescription.Edna
33%
Daughter of an electronic shop keeper and has a great knowledge of electronics. Despite being Greek, she speak with a southern belle accent. Greek.Emma Percy
33%
Their T-Shirt Detail is Pac-Man. Popular boy; Scottish.George
33%
She's shown only in her traditional Greek wardrobe. Her hair is worn with a dull red head cloth and is a dull, dark brown.Irene Kostos- Cristea
33%
I love playing in the junkyard throwing paint balls with his friend. To avoid getting in trouble for coming home with paint all over his clothes, he convinces his mom he'd taken up painting.Jackson Bollard
33%
School basketball player. Very bad at science and has brown spikey hair. American.Jason
33%
She also really loves rabbits and babysat Martin's pet rabbit. She used her chemical knowledge to sabotage her new teacher. Her mum is the biology teacher. Indian.Jaya Madurpore
33%
She is sporty and dislikes school, but is part of the organiser committee. One of the top swim racers. Has a nose ring. Australian.Jessica
33%
Has an aggressive monobrow.Joseph
33%
Has long blue hair worn up in a puffed ponytail with straightened bangs. She is a kind girl and she is an intern for her brother's band.Julie
33%
He loves swimming, but he's afraid out of shame due to his 2 additional toes, so he tried to not swim publicly. American.Lee Wang
33%
Has a twin brother and got rejected by a girl who was in love with his brother.Leo Seneca
33%
After someone began to publish her diary entries she became an outcast amongst her classmates; has short blonde hair and freckles. American.Liz Williams
33%
Son of rap star Fluff Daffy; notorious in school for pulling pranks. American.Louis
33%
Likes to crash parties in the episode 'The Party'; has a faint moustache.Matt
33%
Known for being a talented singer and is highly popular. However, she has become a spoiled diva and shows a childish side when she attempts to have an average, normal day life. Indian.Melody
33%
Takes part in kart races once a year; after an incident occurs, the S.B.I help him to determine who tried to keep him from the race. Italian.Mika
33%
A main antagonist; played the role of a detective whilst solving crimes he committed.Mr. Big
33%
The Physical Education teacher.Mr. Jerome
33%
Fearing she would be mocked during her dance performance, she stole the saris and hid them to keep the group from performing. Indian.Nirmala Pashimbrana
33%
Notorious for pulling pranks; he wears a bandage on his nose.Phil
33%
Likes to rap; magenta mohawk.Alex
17%
Has a crush on S.B.I leader's cousin; bright green eyes.Alice
17%
Parents own a trophy store and has a pet hamster Edgar.Andy
17%
Loves animals; Stole her brother's rat.Ann
17%
Leader of the S.B.I's pen pal; has a blog about cleaning.Anna
17%
loves eating curry, banana, roast beef, and maple syrup sandwiches; wears a raspberry cap with bronze rim and decorative pins.Audrey
17%
He stole everyone's phones; into music; has blond hair and wears a white bow tie.Benjamin
17%
Leader of the S.B.I's cousin. Indian.Bouleh
17%
Spoiled and overall unpleasant; They formed a gig called S.O.S Clown, which they used to infiltrate homes to steal kids toys. American.Clementine Saint-John
17%
Well mannered but very vain and proud over her achievements; has a red bindi.Dharshie
17%
He made the bus go completely crazy because his family is poor and doesn't have money to go skiing. Known as Phil. Has a gold necklace.Ernest
17%
Little kid who used his clown act to steal toys from other kids during birthday parties. American.Harold
17%
Biology teacher.Indira (Kooptur) Madurpore
17%
The last client that hired the S.B.I in the 'Fund Raising Factory'. Worked as an intern for the S.B.I. Indian.Jasmine Gupta
17%
A preteen singer who has a fan following with several kids at school. Has only made one cameo but is mostly shown on posters hung up for the TV Awards. She has long waist length blue hair and pale blue eyes with heavy eyeliner.Jeanne Bambini
17%
She tends to be a perfectionist and if it doesn't meet her standards she can get violently upset and stressed out, insisting she does a lot better. Usually wears a red bandana. American.Jenny
17%
Lead singer of the fuzzy frogs. green eyes, messy brown hair and black glasses. American.Jeremy islacre
17%
She considers herself to be an actress and took offence when a friend didn't ask her to be the lead in their movie. Blonde streak of hair. Indian.Kevina
17%
An envious type of girl who is unable to accept it when others are shown being better than her or leave her getting no attention; loves fashion design.Maria Garcia
17%
Loves creative drawing and spray painting. American.Melvin
17%
Math teacher.Mrs. (Constance) Smith
17%
School librarian.Mrs. (Solon) Nesbit
17%
She loves cats and pets; has dark mauve hair and a beauty mark on the side of her mouth.Naomi
17%
He is the president of the School Newspaper club.Nigel
17%
Stole all the gold in town as his idol Fluff Daffy really likes gold.Paul
17%
She was hired to be an intern for the S.B.I whenever they needed help filing information. However, it turned out she forged a paper to hide the identity of the true trophy thief because she was the ministers assistant. Adult; English.Priscilla Montagu
17%
A skilled cook, every day he cooks for his whole family and won the first prize in a cooking contest. Indian.Rahani Gupta
17%
He was the actual hacker of Trapped By The Internet and he was "the guy in black" of 'Champion'. Has a red cap.
Renan
17%
Hired by Head of S.B.I's dad to be his office assistant. However, he is eager to do more than just sort files, by injecting himself into an S.B.I case. Has red hair and yellow glasses.Ryan
17%
Timid; Apart of the Secret Fighters Club; short brown hair.Sacha
17%
Winner of the "express yourself in red" competition. At times she can be a diva, but it's usually from stress or frustration. She has purple hair and a red scarf. AmericanSam Smith
17%
His father works at the museum and he has a younger sister who interned at S.B.I. Indian.Sanjay Gupta
17%
The art teacher made her president of Art and design when Sam teased her art work. Indian.Sinitta
17%
Has a pet rat; and blue hair. Australian.Stan
17%
Son of the School's janitor. Canadian.Stephan Cubbins
17%
The school journalist; usually tries to get the latest scoop but has a tendency to rush to judgement. American.Stephanie Demillaire
17%
The chess club president and a cheerleader. Russian.Svetlana Azarov
17%
A manipulative and greedy boy, who sells to his classmates things he claims are special, but they aren't. He gets angry, when accused of stealing or lying. American.Tom
17%
Enjoys singing in all forms; from her own singing, to listening to others sing, to participating in anything that involves singing; has ivy-colored eyes and short platinum hair with pink tips. American.Vanessa
17%
She is very strict, unable to tolerate failure or delays, especially when it comes to someone she cares about; she has tanned skin with big, dark orange eyes and short white hair flaring on the ends.Vanille
17%
She is a talented actress and makeup artist; She enjoys reading.Wendy
17%
Big blue eyes with black mascara, and short, semi-messy looking; with black bows, a dark pink vest. American.Zoe Jennings
17%

Score Distribution

Percentile by Number Answered

Percent of People with Each Score

Your Score History

You have not taken this quiz